Name Dropping #27: “Super” Actors #2 - Statistics

General Stats
  • This quiz has been taken 56 times
  • The average score is 10 of 20
Answer Stats
Hint Extra Hint Answer % Correct
Tobey Film: Spider-Man in “Spider-Man” (2002); “Spider-Man 2” (2004); “Spider-Man 3” (2007); “Spider-Man: No Way Home” (2021); “Spider-Man: Across the Spider-Verse” (2023). Maguire
96%
Ryan Film: Deadpool in “X-Men Origins: Wolverine” (2009); “Deadpool” (2016); “No Good Deed” (2016); “Deadpool 2” (2018); “Deadpool and Korg React” (2021 promotional film); “Deadpool & Wolverine” (2024). Green Lantern in “Green Lantern” (2011). Reynolds
96%
Jared Film: Joker in “Suicide Squad” (2016). Leto
87%
Michelle Film: Catwoman in “Batman Returns” (1992). (Original) Wasp in “Ant-Man and the Wasp” (2018); “Avengers: Endgame” (2019); “Ant-Man and the Wasp: Quantumania” (2023). Pfeiffer
84%
Henry Film: Superman in “Man of Steel” (2013); “Batman v Superman: Dawn of Justice” (2016); “Justice League” (2017); “The Flash” (2023). Cavillrine in “Deadpool & Wolverine” (2024). Cavill
82%
Elizabeth Film: Scarlet Witch in “Avengers: Age of Ultron” (2015); “Captain America: Civil War” (2016); “Avengers: Infinity War” (2018); “Avengers: Endgame” (2019); “WandaVision” (9-episode miniseries, 2021, Disney+); “Doctor Strange in the Multiverse of Madness” (2022). Olsen
82%
Vincent TV: Kingpin in “Daredevil” (27 episodes, 2015–2018, Netflix); “Hawkeye” (2 episodes, 2021, Disney+); “Echo” (4 episodes, 2021, Disney+/Hulu). D’Onofrio
64%
Alfred Film: Doctor Octopus in “Spider-Man 2” (2004); “Spider-Man: No Way Home” (2021). Molina
64%
Felicity Film: Black Cat in “The Amazing Spider-Man 2” (2014). Jones
60%
Tim Film: Abomination in “The Incredible Hulk” (2008).

TV: Abomination in “She-Hulk: Attorney at Law” (4 episodes, 2022, Disney+).
Roth
60%
Ioan Film: Mister Fantastic in “Fantastic Four” (2005); “Fantastic Four: Rise of the Silver Surfer” (2007). Gruffudd
49%
Christopher Film: Red Mist in “Kick-Ass” (2010); Mother F***er in “Kick-Ass 2” (2013). Mintz-Plasse
38%
Cory Michael TV: Riddler in “Gotham” (100 episodes, 2014–2019, Fox). Smith
33%
Anne TV: Zelda the Great in “Batman” (2 episodes, 1966, ABC); Olga, Queen of Cossacks in “Batman” (3 episodes, 1967–1968, ABC). Baxter
31%
Dafne Film: X-23 in “Logan” (2017); “Deadpool & Wolverine” (2024). Keen
29%
Christopher Film: Foreigner in “Kraven the Hunter” (2024). Abbott
22%
Roger C. TV: Colonel Gumm in “Batman” (2 episodes, 1966–1967, ABC). Carmel
16%
Robert Film: Batman in “Batman and Robin” (1949 serial). Lowery
16%
Curtis Film: Bullseye in “Deadpool & Wolverine” (2024). Small
13%
Tom Film: Genghis Carnage in “Kick-Ass 2” (2013). Wu
9%
No matching quizzes found
Score Distribution
Percent of People with Each Score
Percentile by Number Answered
Your Score History
You have not taken this quiz